| 000 | 00397 a2200169 4500 | ||
|---|---|---|---|
| 001 | 70472 | ||
| 020 | _a9788576354567 | ||
| 040 | _cAnchieta - Itaigara | ||
| 100 | _aJullien, Vicent | ||
| 240 | 1 | 0 |
_aInvenções e descobertas _lpor |
| 245 | 1 | 0 | _aInvenções e descobertas |
| 300 | _a71 | ||
| 362 | 0 | _a2009 | |
| 440 | 1 | _aLarousse do Brasil | |
| 650 | 4 | _aLiteratura infanto-juvenil | |
| 942 | _cBK | ||
| 999 |
_c70472 _d70472 |
||